| 000 -CABECERA |
| campo de control de longitud fija |
01191nam a2200241 4500 |
| 005 - FECHA Y HORA DE LA ÚLTIMA TRANSACCIÓN |
| campo de control |
20210322120716.0 |
| 008 - DATOS DE LONGITUD FIJA--INFORMACIÓN GENERAL |
| campo de control de longitud fija |
210322s2007 pe ao||fr|||| 001 0 spa d |
| 020 ## - NÚMERO INTERNACIONAL ESTÁNDAR DEL LIBRO |
| ISBN |
9789972667428 |
| 040 ## - FUENTE DE LA CATALOGACIÓN |
| Centro catalogador/agencia de origen |
CENDOC CAAAP |
| Lengua de catalogación |
spa |
| Centro/agencia transcriptor |
CAAAP |
| 041 ## - CÓDIGO DE LENGUA |
| Código de lengua del texto/banda sonora o título independiente |
spa |
| 050 ## - SIGNATURA TOPOGRÁFICA DE LA BIBLIOTECA DEL CONGRESO |
| Número de clasificación |
QK 99.P4 |
| Número de documento/Ítem |
R46 2007 |
| 100 1# - ENTRADA PRINCIPAL--NOMBRE DE PERSONA |
| 9 (RLIN) |
1822 |
| Nombre personal |
Rengifo Salgado, Elsa |
| 245 14 - MENCIÓN DE TÍTULO |
| Título |
Las ramas floridas del bosque : |
| Subtitulo |
experiencias en el manejo de plantas medicinales amazónicas / |
| Mención de responsabilidad, etc. |
Elsa Rengifo Salgado |
| 250 ## - MENCIÓN DE EDICIÓN |
| Mención de edición |
1ra ed. |
| 260 ## - PUBLICACIÓN, DISTRIBUCIÓN, ETC. |
| Lugar de publicación, distribución, etc. |
Iquitos : |
| Nombre del editor, distribuidor, etc. |
Instituto de Investigaciones de la Amazonía Peruana, |
| Fecha de publicación, distribución, etc. |
2007 |
| 300 ## - DESCRIPCIÓN FÍSICA |
| Extensión |
88 p. : |
| Otras características físicas |
ilustraciones, fotografías ; |
| Dimensiones |
29 cm |
| 505 ## - NOTA DE CONTENIDO CON FORMATO |
| Nota de contenido con formato |
Contiene : Introducción -- Las ramas escogidas: base de datos -- Estudio de caso: buscando la cura para la malaria -- Análisis socioeconómico: comercialización y perspectivas -- Etnomedicina, etnobotánica y farmacología : un alcance para el estudio de las plantas medicinales --- Glosarios. |
| 650 10 - PUNTO DE ACCESO ADICIONAL DE MATERIA--TÉRMINO DE MATERIA |
| 9 (RLIN) |
378 |
| Término de materia o nombre geográfico como elemento de entrada |
Plantas medicinales |
| Subdivisión geográfica |
Amazonas, |
| -- |
Perú |
| 650 20 - PUNTO DE ACCESO ADICIONAL DE MATERIA--TÉRMINO DE MATERIA |
| 9 (RLIN) |
688 |
| Término de materia o nombre geográfico como elemento de entrada |
Etnología |
| 650 20 - PUNTO DE ACCESO ADICIONAL DE MATERIA--TÉRMINO DE MATERIA |
| 9 (RLIN) |
1321 |
| Término de materia o nombre geográfico como elemento de entrada |
Botánica |
| 856 ## - LOCALIZACIÓN Y ACCESO ELECTRÓNICOS |
| Identificador Uniforme del Recurso |
<a href="http://repositorio.iiap.org.pe/bitstream/IIAP/147/2/Rengifo_libro_2007.pdf">http://repositorio.iiap.org.pe/bitstream/IIAP/147/2/Rengifo_libro_2007.pdf</a> |
| Texto de enlace |
ver documento |
| 942 ## - ELEMENTOS PERSONALIZADOS KOHA |
| Fuente del sistema de clasificación o colocación |
|
| Fecha de catalogación |
22 - 03 - 21 |
| Tipo de ítem Koha |
Libros |